Culture of Terrorism (Record no. 4394)
[ view plain ]
| 000 -LEADER | |
|---|---|
| fixed length control field | 01419cam a22001934a 4500 |
| 005 - ΗΜΕΡΟΜΗΝΙΑ ΚΑΙ ΩΡΑ ΤΕΛΕΥΤΑΙΑΣ ΕΝΗΜΕΡΩΣΗΣ | |
| Πεδίο ελέγχου | 20250605164145.0 |
| 008 - FIXED-LENGTH DATA ELEMENTS--GENERAL INFORMATION | |
| Πεδίο ελέγχου σταθερού μήκους | 250528s ||||||||||||||||||||||||d |
| 035 ## - SYSTEM CONTROL NUMBER | |
| System control number | 19115 |
| 020 ## - ISBN | |
| ISBN | 896083349 |
| 040 ## - ΠΗΓΗ ΚΑΤΑΛΟΓΟΓΡΑΦΗΣΗΣ | |
| Φορέας πρωτότυπης καταλογογράφησης | MC Athens Campus Library |
| Γλώσσα καταλογογράφησης | Ελληνικά, Μοντέρνα (1453-) |
| Modifying agency | MC Athens Campus Library |
| Κανόνες περιγραφικής καταλογογράφησης | AACR2 |
| 245 1# - ΤΙΤΛΟΣ ΚΑΙ ΔΗΛΩΣΗ ΥΠΕΥΘΥΝΟΤΗΤΑΣ | |
| Τίτλος | Culture of Terrorism |
| 260 ## - PUBLICATION, DISTRIBUTION, ETC. | |
| Name of publisher, distributor, etc. | South End Press, |
| Date of publication, distribution, etc. | 1988 |
| 300 ## - PHYSICAL DESCRIPTION | |
| Extent | 274 |
| 520 ## - SUMMARY, ETC. | |
| Summary, etc. | The U.S. international and security policy, rooted in the structure of power in the domestic society, has as its primary goal the preservation of what we might call the ''Fifth Freedom'', understood crudely but with a fair degree of accuracy as the freedom to rob, to exploit and dominate, to undertake any course of action to ensure that existing privilige is protected and advanced. Preface, Introduction, The Scandals of 1986, The Challenge, The Cultural-Historical Context, The Problems of Clandestine Terrorism, The Limits of Scandal, The Culture of Terrorism, Damage Control, The Perils of Diplomacy, The Reality that Must Be Effaced: Iran and Nicaragua, Further Successes of the Reagan Administration, Accelerating the Race Towards Destruction, Controlling ''Enemy Territory'', Freedom of Expression in the Free World, The Current Agenda, The Threat of a Good Example, The Fledgling Democracies, Restoring Regional Standards, Standards for Ourselves, Prospects, Index. |
| 700 1# - ΠΡΟΣΘΕΤΗ ΑΝΑΓΡΑΦΗ--ΦΥΣΙΚΟ ΠΡΟΣΩΠΟ | |
| Personal name | Chomsky Noam |
| 9 (RLIN) | 225 |
| 942 ## - ADDED ENTRY ELEMENTS (KOHA) | |
| Koha item type | Books |
| Τύπος τεκμηρίου | Βιβλιοθήκη | Τρέχουσα τοποθεσία | Barcode | Αριθμός εισαγωγής | Ημερομηνία απόκτησης | Ταξιθετικό σύμβολο | Αριθμός αντιτύπου | Κατάσταση απόσυρσης | Κατάσταση χαμένου | Κατάσταση κατεστραμμένου | Μη δανεισμός | Σύνολο δανεισμών | Ημερομηνία τελευταίας εμφάνισης | Η τιμή ισχύει από |
|---|---|---|---|---|---|---|---|---|---|---|---|---|---|---|
| Books | MC Athens Campus Library | MC Athens Campus Library | 9780000043931 | 4055 | 05/06/2025 | 327.73 CHO | 1 | 05/06/2025 | 05/06/2025 |